| 000 | 01622cam a2200337 i 4500 | ||
|---|---|---|---|
| 001 | 17221056 | ||
| 003 | OSt | ||
| 005 | 20230317120604.0 | ||
| 008 | 120321s2014 at a 001 0 eng | ||
| 010 | _a 2012935927 | ||
| 020 | _a9780840028181 (paperback) | ||
| 020 | _a0840028180 (paperback) | ||
| 040 |
_aDLC _beng _cDLC _erda |
||
| 042 | _apcc | ||
| 050 | 0 | 0 | _aP90.W61 |
| 082 | 0 | 0 |
_a302.2 _223 |
| 100 | 1 |
_aWood, Julia T. _91023 |
|
| 245 | 1 | 0 |
_aCommunication mosaics : an introduction to the field of communication. / _cJulia T. Wood. |
| 250 | _a7th ed. | ||
| 264 | 1 |
_aAustralia ; _aBoston, MA : _bWadsworth Cengage Learning, _c2014. |
|
| 300 |
_axxvi, 374 pages : _bcolored illustrations ; _c26 cm |
||
| 336 |
_atext _2rdacontent |
||
| 337 |
_aunmediated _2rdamedia |
||
| 338 |
_avolume _2rdacarrier |
||
| 500 | _aIncludes index. | ||
| 505 | _aContents: A first look at communication -- The field of communication from historical and contemporary perspectives -- Perceiving and understanding -- Engaging in verbal communication -- Engaging in nonverbal communication -- Listening and responding to others -- Creating communication climates -- Adapting communication to cultures and social communities -- Communication and personal identity -- Communication in personal relationships -- Communication in groups and teams -- Communication in organizations -- Public communication -- Mass communication -- Digital media and the online world -- | ||
| 650 | 0 |
_aCommunication. _98 |
|
| 906 |
_a7 _bcbc _corignew _d2 _eepcn _f20 _gy-gencatlg |
||
| 942 |
_2lcc _cBK |
||
| 999 |
_c9435 _d16935 |
||